000
00297nam a2200121Ia 4500
005
20251222142027.0
008
251222s9999||||xx |||||||||||||| ||spa||
082
_a
868.31/C17G
100
_a
Calderón de la Barca, Pedro
245
0
_a
El Gran Teatro del Mundo
264
_b
Los Andes
942
_c
LIB
999
_c
10832
_d
10832